|
|
|
|
| LEADER |
01156nam a22002892a 4500 |
| 001 |
000267559 |
| 003 |
CZ BrMZK |
| 005 |
20180912101539.0 |
| 007 |
ta |
| 008 |
980107s1953 xr f cze d |
| 015 |
|
|
|a cnb000507445
|
| 035 |
|
|
|a (OCoLC)85312222
|
| 040 |
|
|
|a BOA001
|b cze
|
| 100 |
1 |
|
|a Široký, Viliam,
|d 1902-1971
|7 jn99240001639
|4 aut
|
| 245 |
1 |
0 |
|a Za šťastné Slovensko v socialistickém Československu /
|c Viliam Široký
|
| 250 |
|
|
|a 1.vyd.
|
| 260 |
|
|
|a Praha :
|b SNPL,
|c 1953
|
| 300 |
|
|
|a 350 s.
|
| 490 |
1 |
|
|a Budovatelé socialismu ;
|v sv.7
|
| 830 |
|
0 |
|a Budovatelé socialismu (SNPL)
|0 s
|
| 910 |
|
|
|a BOA001
|b PK-0004.269
|b 2-0301.656
|
| 964 |
|
|
|a Slovensko - budování socialistické - projevy
|
| 990 |
|
|
|a BK
|
| 996 |
7 |
|
|b 2618833918
|c 2-0301.656
|l MZK
|r Sklad / do 24 hodin
|n 0
|w 000267559
|u 000040
|a 1
|e BOA001
|j MZK50
|s A
|
| 996 |
7 |
|
|b 2618833919
|c 2-0301.656
|l MZK
|r Sklad / do 24 hodin
|n 0
|w 000267559
|u 000030
|a 1
|e BOA001
|j MZK50
|s A
|
| 996 |
6 |
|
|b 2619875512
|c 2-0301.656
|l MZK
|r Sklad / do 24 hodin
|n 3
|w 000267559
|u 000020
|a 1
|e BOA001
|j MZK50
|s P
|
| 996 |
7 |
|
|b 3119914147
|c PK-0004.269
|l MZK
|r Sklad / do 1 hodiny
|n 0
|w 000267559
|u 000010
|a 1
|e BOA001
|j MZK50
|s A
|